000 00406nam a22001697a 4500
005 20160618115324.0
008 160618b xxu||||| |||| 00| 0 eng d
020 _a81-7629-112-9
041 _aeng
082 _b8106
100 _aBatra, G.S and Dangwal R.C.
_92195
245 _aGlobalisetion and liberatisation
260 _bDeep and Deep
300 _a236
650 _aManagement
_9241
942 _cBK
999 _c3073
_d3072